000 00330nam a22001457a 4500
008 210223b ||||| |||| 00| 0 eng d
020 _a1890369012
041 _aeng
080 _21st
_a61
082 _a61
100 _a3
101 _aSHM
245 _aEmergency Medicine
_cGossman, W Plantz, S & Adler, J
942 _2udc
_cBK
999 _c55105
_d55105